000 00499nam a2200145 i 4500
001 bg
100 1 _aDUBEL, Krystyna
245 0 _aPodstawy wykorzystania zasobów i walorów środowiska geograficznego dla potrzeb rozwoju społeczno-gospodarczego na przykładzie woj. opolskiego :
_brozprawa habilitacyjna /
_cKrystyna Dubel.
260 _aWrocław,
_c1980.
040 _cBPK
041 _apol
080 _a338.22:631.4:502.5(438)"19"
942 _cKS
008 s pl f |000 0 pol
999 _c19517
_d19517
856 _uhttp://koha.tu.koszalin.pl/cgi-bin/koha/opac-detail.pl?biblionumber=19517
_yKatalog online BPK